| 000 | 00673nam a2200205 a 4500 | ||
|---|---|---|---|
| 001 | 000020679 | ||
| 003 | OSt | ||
| 005 | 20240508073815.0 | ||
| 008 | 100812s2016 000 0 spa d | ||
| 020 | _a9789945586695 | ||
| 040 |
_aDO-SdBNP _bspa _cBNPHU |
||
| 082 | _bZ22c | ||
| 100 |
_aZaldívar Diéguez, Andrés _96068 |
||
| 245 | 1 | 0 |
_aLa conspiración Trujillista : _buna fascinante historia _cAndrès Zaldivar Dièguez, Pedro Etcheverry Vàzquez |
| 260 |
_aSanto Domingo : _c2016, _bArchivo General de la Naciòn |
||
| 300 |
_a370 p. _c24 cm |
||
| 490 |
_aArchivo General de la Naciòn _vCCLXX |
||
| 700 |
_aPedro Etcheverry Vàzquez _eautor _976575 |
||
| 942 |
_2ddc _cLF1 |
||
| 999 |
_c20183 _d20183 |
||